| 000 | 00480nam a2200181Ia 4500 | ||
|---|---|---|---|
| 001 | 16557 | ||
| 005 | 20260306170318.0 | ||
| 008 | 260306t2020||||xx |||||||||||||| ||und|| | ||
| 041 | _aESP | ||
| 082 |
_a348.62 _bG24 |
||
| 100 |
_aGarcía Vega, Enrique Silvestre _eAUT |
||
| 245 | 0 | _aLa meritocracia como forma de gobierno. Origen, evolución y desafíos | |
| 260 | _c2020 | ||
| 300 |
_a517 páginas : _c28 cm. |
||
| 650 | _aGEN | ||
| 654 | _aCDE | ||
| 942 |
_cLIB _dJUS _fJUS _2ddc _n |
||
| 999 |
_c16557 _d16557 |
||